000 01270nam a2200313Ia 4500
001 ebr10054303
003 CaPaEBR
006 m u
007 cr cn|||||||||
008 970401s2004 dcua s s i000 0 eng d
010 _z 97660616
020 _z0821357409
040 _aCaPaEBR
_cCaPaEBR
035 _a(OCoLC)133166060
050 1 4 _aHJ8899
_b.H37 2004eb
082 0 4 _a336.3/435/091724
_219
245 0 0 _aHarnessing cyclical gains for development
_h[electronic resource] :
_banalysis and summary tables.
260 _aWashington, D.C. :
_bWorld Bank,
_c2004.
300 _axvi, 234 p. :
_bill.
490 0 _aGlobal development finance ;
_vv.1
500 _aOn cover: "A World Bank book."
533 _aElectronic reproduction.
_bPalo Alto, Calif. :
_cebrary,
_d2009.
_nAvailable via World Wide Web.
_nAccess may be limited to ebrary affiliated libraries.
650 0 _aDebts, External
_zDeveloping countries
_vStatistics
_vPeriodicals.
650 0 _aFinance
_zDeveloping countries
_vPeriodicals.
650 0 _aInternational finance
_vPeriodicals.
655 7 _aElectronic books.
_2local
710 2 _aebrary, Inc.
856 4 0 _uhttp://site.ebrary.com/lib/rucke/Doc?id=10054303
_zAn electronic book accessible through the World Wide Web; click to view
999 _c65295
_d65295